01389 2200205 4500001002100000005001500021008004100036020001500077035001900092041000800111082001100119084001700130100001100147245010600158260003000264300003400294520073500328650006001063650006001123INLIS00000000000819120200508204302200508||||||||| | ||| |||| ||ind|| a9793519207 0010-0520008191 aind0 a346.07 a346.07/PED/P0 aEdited00aPedoman Pelaksanaan Pengadaan Barang/Jasa Pemerintah: Keppres RI Nomor 80 Tahun 2003 dan Perubahannya aBandungbFokusmediac2010 aviii, 392 p. ; 21 cm.c21 cm. aPedoman Pelaksanaan Pengadaan Barang/Jasa Pemerintah Keppres Nomor 80 Tahun 2003 yang telah mengalami beberapa perubahan terakhir dengan Peraturan Presiden Nomor 95 Tahun 2007 yang merupakan perubahan yang ke tujuh. Buku ini berisi tentang Pengadaan Barang/Jasa Pemerintah yang dihimpun dari perubahan Keppres 80 Tahun 2003 sebagai berikut: 1. Keputusan Presiden Nomor 61 Tahun 2004. 2. Peraturan Presiden Nomor 32 Tahun 2005. 3. Peraturan Presiden Nomor 70 Tahun 2005. 4.Peraturan Presiden Nomor 8 Tahun 2006. 5.Peraturan Presiden Nomor 79 Tahun 2006. 6.Peraturan Presiden Nomor 85 Tahun 2006. 7.Peraturan Presiden Nomor 95 Tahun 2007. 8. Instruksi Presiden Nomor 2 Tahun 2009. 9. Peraturan Menteri Keuangan Nomor 56/PMK.02/2010. 0aGovernment purchasing - Law and legislation - Indonesia 0aConstruction industry - Law and legislation - Indonesia